Os sete pecados capitais : um guia tomista para derrotar o vício e o pecado.
Uloženo v:
| Hlavní autor: | |
|---|---|
| Médium: | Kniha |
| Jazyk: | portugalština angličtina |
| Vydáno: |
Campinas (SP) :
Editora Ecclesiae,
©2019.
|
| Vydání: | 1 ed. / |
| Témata: | |
| Tagy: |
Žádné tagy, Buďte první, kdo vytvoří štítek k tomuto záznamu!
|
MARC
| LEADER | 00000nam a22000007a 4500 | ||
|---|---|---|---|
| 001 | 20230217211315 | ||
| 003 | BR-CrsFAEV | ||
| 005 | 20250322105328.0 | ||
| 008 | 210122t2019||||bl |||||||||||||1 e|por|d | ||
| 020 | |a 858491109X | ||
| 020 | |a 9788584911097 | ||
| 040 | |a BR-CrsFAEV |b por |c BR-CrsFAEV | ||
| 041 | 1 | |a por |h eng | |
| 080 | 0 | |2 1997 |a 241.44 |b V9711s=134.3 | |
| 100 | 1 | |9 9095 |a Vost, Kevin, |d 1961- | |
| 240 | 1 | 4 | |a The seven deadly sins : a thomistic guide to vanquishing vice and sin. |l Português. |
| 245 | 1 | 3 | |a Os sete pecados capitais : |b um guia tomista para derrotar o vício e o pecado. |
| 250 | |a 1 ed. / |b janeiro 2019. | ||
| 260 | |a Campinas (SP) : |b Editora Ecclesiae, |c ©2019. | ||
| 300 | |a 190 p. ; |c 21 cm. | ||
| 505 | 0 | |a Os direitos desta edição pertencem ao CEDET (Centro de Desenvolvimento Profissional e Tecnológico). | |
| 505 | 0 | |a Tradução e assistência editorial : Tomaz Perroni. | |
| 520 | 3 | |a Para progredir na vida espiritual é preciso, antes de tudo, conhecer nossos inimigos. É o que Kevin Vost, doutor em Psicologia Clínica, pretende nos revelar neste livro sobre os sete pecados capitais: quem são, afinal, os nossos inimigos? Baseando-se nos ensinamentos de Santo Tomás de Aquino, Dr. Vost revela as sutis conexões entre os pecados e nos mostra como cada um deles nos leva a pensamentos e ações que podem colocar em risco a nossa vida espiritual. Na verdade, todos nós precisamos lutar contra os pecados capitais em seus mais variados graus. E o objetivo deste livro e nos armar para esse combate com os ensinamentos de inúmeros mestres espirituais da história da igreja, guiados pelas luzes de Santo Tomás e a força da graça santificante; Somente assim, conhecendo os nossos inimigos, apoiando-se na sabedoria dos santos e nos abrindo totalmente à graça é que cresceremos na fé e nas virtudes e aprofundaremos a nossa união com Deus. | |
| 534 | |p Originalmente publicado : |c Manchester, New Hampshire : Sophia Institute Press, 2015. |t The seven deadly sins : a thomistic guide to vanquishing vice and sin. |z 9781622822348 ; 162282234X | ||
| 546 | |a Texto em português, traduzido do inglês. | ||
| 650 | 4 | |a Pecado. |9 12400 | |
| 650 | 4 | |a Vício. |9 12810 | |
| 942 | |2 udc |c BK | ||
| 952 | |0 0 |1 0 |2 udc |4 0 |6 24144_V9711S1343 |7 0 |9 26526 |a SBT |b SBT |c GEN |d 2021-01-22 |h 1 ed., ©2019 - 190 p. |l 1 |o 241.44 V9711s=134.3 |p 10441 |r 2022-01-08 00:00:00 |s 2021-09-28 |t ex.01 |w 2021-01-22 |y BK | ||
| 999 | |c 22862 |d 22862 | ||